Salud animal en las americas, 1980 /
Guardado en:
| Autor Principal: | |
|---|---|
| Formato: | Libro |
| Publicado: |
Washington :
,
1981
|
| Materias: | |
| Etiquetas: |
Agregar Etiqueta
Sin Etiquetas, Sea el primero en etiquetar este registro!
|
| LEADER | 00650nam a22001935a 4500 | ||
|---|---|---|---|
| 001 | CEM.cems016042 | ||
| 005 | 20090821075133.0 | ||
| 008 | 130507s1981##################000#0#####d | ||
| 003 | CEMS | ||
| 082 | 0 | 4 | |a 636.0894 |
| 100 | 1 | |a Organizacion Panamericana De La Salud Washington | |
| 245 | 1 | 0 | |a Salud animal en las americas, 1980 / |c Rganizacion Panamericana de La Salud Washington, |
| 260 | |a Washington : |b , |c 1981 | ||
| 300 | |a 98 | ||
| 653 | |a Ganadería | ||
| 653 | |a Veterinaria | ||
| 653 | |a Zoonosis | ||
| 859 | |a CEMS |b BIB. CEMS - Agricultura |h 636.0894 |i OR14/1980 |p A12289.83 |t Ej.1 | ||
| 859 | |a CEMS |b BIB. CEMS - Agricultura |h 636.0894 |i OR14/1980 |p A12293.83 |t Ej.2 | ||
